[Event "NZL-ch Major op"]
[Site "Christchurch"]
[Date "2022.01.04"]
[Round "3"]
[White "Hookings, Jonathon"]
[Black "Cooper, Nigel"]
[Result "1-0"]
[WhiteElo "1285"]
[BlackElo "1558"]
[PlyCount "71"]
[EventDate "2022.01.02"]
[EventType "swiss"]
[EventRounds "9"]
[EventCountry "NZL"]
[SourceTitle "EXT 2024"]
[Source "ChessBase"]
[SourceDate "2023.10.10"]
[SourceVersion "1"]
[SourceVersionDate "2023.10.10"]
[SourceQuality "1"]

1. e4 e5 2. Nc3 Nf6 3. f4 d5 4. fxe5 Nxe4 5. Qf3 Nxc3 6. bxc3 c6 7. d4 Be7 8. Bd3 Be6 9. Ne2 Nd7 10. 0-0 0-0 11. Ng3 f6 12. Qh5 f5 13. Nxf5 g6 14. Nxe7+ Qxe7 15. Bg5 Qg7 16. Qh4 c5 17. Bh6 Rxf1+ 18. Rxf1 g5 19. Qxg5 Qxg5 20. Bxg5 c4 21. Bf5 Nf8 22. Bh6 Bxf5 23. Rxf5 Ne6 24. Rf6 Re8 25. a4 b6 26. g3 a5 27. Kg2 b5 28. axb5 a4 29. Bc1 Nc7 30. Rb6 Ra8 31. Ba3 Ne8 32. Ra6 Rxa6 33. bxa6 Nc7 34. a7 Kf7 35. Kf3 h5 36. g4 1-0

[Event "North Island-ch"]
[Site "Wellington"]
[Date "2021.04.02"]
[Round "1"]
[White "Winter, Ryan"]
[Black "Cooper, Nigel"]
[Result "1-0"]
[WhiteElo "1965"]
[BlackElo "1589"]
[PlyCount "49"]
[EventDate "2021.04.02"]
[EventType "swiss"]
[EventRounds "8"]
[EventCountry "NZL"]
[SourceTitle "EXT 2024"]
[Source "ChessBase"]
[SourceDate "2023.10.10"]
[SourceVersion "1"]
[SourceVersionDate "2023.10.10"]
[SourceQuality "1"]

1. e4 Nc6 2. Nf3 e5 3. d4 exd4 4. Bc4 Bc5 5. c3 d6 6. cxd4 Bb4+ 7. Kf1 Nf6 8. d5 Nxe4 9. dxc6 Bc5 10. Qe2 Qe7 11. Be3 Bxe3 12. Qxe3 bxc6 13. Nc3 Nxc3 14. Qxc3 0-0 15. Re1 Qd7 16. h3 Bb7 17. Qd2 Rad8 18. Qf4 h6 19. Kg1 Rde8 20. Kh2 d5 21. Bd3 c5 22. Rxe8 Rxe8 23. Ne5 Qe7 24. Re1 Qg5 25. Qxf7+ 1-0

[Event "NZL-ch op 128th"]
[Site "Palmerston North"]
[Date "2021.01.08"]
[Round "7"]
[White "Cooper, Nigel"]
[Black "Cunningham, Patrick D"]
[Result "0-1"]
[WhiteElo "1612"]
[BlackElo "1619"]
[PlyCount "68"]
[EventDate "2021.01.02"]
[EventType "swiss"]
[EventRounds "9"]
[EventCountry "NZL"]
[SourceTitle "CBM 200 Extra"]
[Source "ChessBase"]
[SourceDate "2021.03.31"]
[SourceVersion "1"]
[SourceVersionDate "2021.03.31"]
[SourceQuality "1"]

1. f4 g6 2. Nc3 Bg7 3. e4 e6 4. d4 Ne7 5. Nf3 0-0 6. Be3 d5 7. Qd2 Nbc6 8. 0-0-0 a6 9. g4 dxe4 10. Nxe4 Nd5 11. Bf2 b6 12. h4 Bb7 13. h5 Qd7 14. Ne5 Nxe5 15. dxe5 Qa4 16. Bd4 Rad8 17. hxg6 fxg6 18. Rxh7 Kxh7 19. Ng5+ Kg8 20. Qh2 Rf7 21. Qh7+ Kf8 22. Nxe6+ Ke7 23. Nxd8 Kxd8 24. Qxg6 Qe8 25. c4 Ne7 26. Bc5+ Kc8 27. Qe6+ Kb8 28. Bxe7 Rxe7 29. Qf5 Qf7 30. Qg5 Rd7 31. Re1 Rd4 32. e6 Qf6 33. e7 Rxc4+ 34. Kb1 Qxb2# 0-1

[Event "NZL-ch op 128th"]
[Site "Palmerston North"]
[Date "2021.01.07"]
[Round "6"]
[White "Sashikumar"]
[Black "Cooper, Nigel"]
[Result "1-0"]
[WhiteElo "1642"]
[BlackElo "1612"]
[PlyCount "75"]
[EventDate "2021.01.02"]
[EventType "swiss"]
[EventRounds "9"]
[EventCountry "NZL"]
[SourceTitle "CBM 200 Extra"]
[Source "ChessBase"]
[SourceDate "2021.03.31"]
[SourceVersion "1"]
[SourceVersionDate "2021.03.31"]
[SourceQuality "1"]

1. e4 d5 2. exd5 Nf6 3. d4 Bg4 4. f3 Bf5 5. c4 e6 6. dxe6 Bxe6 7. Nc3 Bb4 8. Qa4+ Nc6 9. d5 Nxd5 10. cxd5 Qh4+ 11. Ke2 Qc4+ 12. Kf2 Bc5+ 13. Ke1 Qxa4 14. Nxa4 Bxg1 15. dxc6 Bd4 16. cxb7 Rb8 17. Bb5+ Bd7 18. Bxd7+ Kxd7 19. Bf4 Rhe8+ 20. Kf1 Be5 21. Bxe5 Rxe5 22. Kf2 Rxb7 23. Rhd1+ Kc8 24. Rd2 c6 25. Rad1 Rbe7 26. b3 Kc7 27. Rc1 Rh5 28. Nc3 Ree5 29. h3 Rc5 30. Rdc2 Rh6 31. b4 Rc4 32. b5 Rc5 33. a4 Rd6 34. Ne4 Rxc2+ 35. Rxc2 Rd4 36. Rxc6+ Kb8 37. Nd6 a5 38. b6 1-0

[Event "George Trundle Reserves"]
[Site "Auckland"]
[Date "2020.01.11"]
[Round "8"]
[White "Cooper, Nigel"]
[Black "MacDonald, Paul"]
[Result "0-1"]
[WhiteElo "1595"]
[BlackElo "1900"]
[PlyCount "60"]
[EventDate "2020.01.04"]
[EventType "tourn"]
[EventRounds "9"]
[EventCountry "NZL"]
[SourceTitle "EXT 2021"]
[Source "ChessBase"]
[SourceDate "2020.10.23"]
[SourceVersion "1"]
[SourceVersionDate "2020.10.23"]
[SourceQuality "1"]

1. f4 f5 2. Nf3 Nf6 3. e3 g6 4. d4 Bg7 5. Nbd2 0-0 6. Bd3 b6 7. e4 fxe4 8. Nxe4 Nd5 9. g3 Bb7 10. c3 e6 11. h4 Nf6 12. Qe2 Nc6 13. Nxf6+ Qxf6 14. h5 e5 15. d5 exf4 16. dxc6 Qxc6 17. 0-0 Rae8 18. Qg2 Qc5+ 19. Kh2 Qxh5+ 20. Qh3 fxg3+ 21. Kxg3 Qxh3+ 22. Kxh3 Rxf3+ 23. Rxf3 Bxf3 24. Bf4 d6 25. Kg3 Bb7 26. Bc4+ d5 27. Bb5 c6 28. Bd3 Be5 29. Bxe5 Rxe5 30. Kf2 Bc8 0-1

[Event "Oceania & NZL-ch Seniors"]
[Site "Auckland"]
[Date "2019.07.13"]
[Round "2"]
[White "Cooper, Nigel"]
[Black "Smith, Robert Wayne"]
[Result "0-1"]
[WhiteElo "1585"]
[BlackElo "2171"]
[PlyCount "89"]
[EventDate "2019.07.12"]
[EventType "swiss"]
[EventRounds "6"]
[EventCountry "NZL"]
[SourceTitle "EXT 2023"]
[Source "ChessBase"]
[SourceDate "2022.10.05"]
[SourceVersion "1"]
[SourceVersionDate "2022.10.05"]
[SourceQuality "1"]

1. d4 Nf6 2. Bg5 c5 3. Bxf6 exf6 4. dxc5 Bxc5 5. e3 d5 6. Nc3 Be6 7. Nf3 Nc6 8. Nd4 0-0 9. Be2 Bxd4 10. exd4 Qb6 11. Na4 Qxd4 12. Qxd4 Nxd4 13. Bd3 Rac8 14. c3 Nc6 15. f4 b6 16. 0-0 Rfd8 17. Rac1 Ne7 18. b3 g6 19. Rfe1 Rc7 20. Nb2 Bf5 21. Be2 Be4 22. g4 f5 23. g5 Kg7 24. Kf2 h6 25. gxh6+ Kxh6 26. Nd3 Kg7 27. Ne5 Rh8 28. Kg3 Rhc8 29. c4 b5 30. Rc3 d4 31. Rcc1 f6 32. Nd3 bxc4 33. bxc4 Rxc4 34. Rxc4 Rxc4 35. Rc1 Rxc1 36. Nxc1 Nd5 37. Bc4 Ne3 38. Ba6 Bc2 39. Kf2 Nd5 40. Kf3 Be4+ 41. Kg3 Nb4 42. Bc4 d3 43. Bb3 d2 44. Ne2 Nxa2 45. Kf2 0-1

[Event "George Trundle Reserves"]
[Site "Auckland"]
[Date "2019.01.05"]
[Round "3"]
[White "MacDonald, Paul"]
[Black "Cooper, Nigel"]
[Result "1/2-1/2"]
[WhiteElo "1953"]
[BlackElo "1587"]
[PlyCount "87"]
[EventDate "2019.01.04"]
[EventType "tourn"]
[EventRounds "9"]
[EventCountry "NZL"]
[SourceTitle "CBM 189 Extra"]
[Source "ChessBase"]
[SourceDate "2019.06.03"]
[SourceVersion "1"]
[SourceVersionDate "2019.06.03"]
[SourceQuality "1"]

1. b3 Nf6 2. Bb2 g6 3. Nf3 Bg7 4. g3 0-0 5. Bg2 c5 6. 0-0 d5 7. d4 cxd4 8. Nxd4 Nc6 9. c4 Nxd4 10. Bxd4 dxc4 11. bxc4 Qc7 12. Qb3 e5 13. Bb2 Be6 14. Bd5 Bxd5 15. cxd5 Rfd8 16. Nc3 a6 17. Rac1 Qd7 18. Kg2 b5 19. Rfd1 Rac8 20. e4 Rc4 21. f3 Rdc8 22. Ne2 Ne8 23. Rxc4 Rxc4 24. Rc1 Nd6 25. Ba3 Rxc1 26. Nxc1 Nc4 27. Bc5 Bf8 28. Bxf8 Kxf8 29. Qb4+ Qd6 30. Qxd6+ Nxd6 31. Nd3 f6 32. Kf2 Ke7 33. Ke2 Nc4 34. Nc5 a5 35. h4 Kd6 36. Ne6 Ke7 37. Kd3 Nd6 38. g4 h6 39. h5 g5 40. Ng7 Kf7 41. Ne6 Ke7 42. Kc3 Kd7 43. Kb3 Kc8 44. Ng7 1/2-1/2